书目信息 |
| 题名: |
现代建筑施工与造价
|
|
| 作者: | 王君 , 陈敏 , 黄维华 主编 | |
| 分册: | ||
| 出版信息: | 长春 吉林科学技术出版社 2020.11 |
|
| 页数: | 153页 | |
| 开本: | 26cm | |
| 丛书名: | ||
| 单 册: | ||
| 中图分类: | TU7 , TU723.3 | |
| 科图分类: | ||
| 主题词: | 建筑施工--jian zhu shi gong , 建筑造价--jian zhu zao jia | |
| 电子资源: | ||
| ISBN: | 978-7-5578-7891-7 | |
| 000 | 01063nam0 2200277 450 | |
| 001 | 2160541615 | |
| 005 | 20210928130734.0 | |
| 010 | @a978-7-5578-7891-7@dCNY50.00 | |
| 100 | @a20210122d2020 em y0chiy0120 ea | |
| 101 | 0 | @achi |
| 102 | @aCN@b220000 | |
| 105 | @ay z 000yy | |
| 106 | @ar | |
| 200 | 1 | @a现代建筑施工与造价@Axian dai jian zhu shi gong yu zao jia@f王君,陈敏,黄维华主编 |
| 210 | @a长春@c吉林科学技术出版社@d2020.11 | |
| 215 | @a153页@d26cm | |
| 330 | @a本书对施工阶段影响工程造价的主要因素进行了分析,内容包括:现代建筑、现代建筑施工的基本理论、现代建筑工程施工技术、现代智能建筑施工技术、现代绿色建筑施工研究、现代建筑智能技术实践应用研究、现代建筑工程造价的理论研究、现代建筑工程项目造价管理等八章。 | |
| 606 | 0 | @a建筑施工@Ajian zhu shi gong |
| 606 | 0 | @a建筑造价@Ajian zhu zao jia |
| 690 | @aTU7@v5 | |
| 690 | @aTU723.3@v5 | |
| 701 | 0 | @a王君@Awang jun@4主编 |
| 701 | 0 | @a陈敏@Achen min@f(1970-)@4主编 |
| 701 | 0 | @a黄维华@Ahuang wei hua@f(1968-)@4主编 |
| 801 | 0 | @aCN@b百万庄@c20210926 |
| 905 | @b1301367-370@dTU7@e1802@f4 | |
| 现代建筑施工与造价/王君,陈敏,黄维华主编.-长春:吉林科学技术出版社,2020.11 |
| 153页;26cm |
| ISBN 978-7-5578-7891-7:CNY50.00 |
| 本书对施工阶段影响工程造价的主要因素进行了分析,内容包括:现代建筑、现代建筑施工的基本理论、现代建筑工程施工技术、现代智能建筑施工技术、现代绿色建筑施工研究、现代建筑智能技术实践应用研究、现代建筑工程造价的理论研究、现代建筑工程项目造价管理等八章。 |
| ● |
| 相关链接 |
|
|
|
|
正题名:现代建筑施工与造价
索取号:TU7/1802
 
预约/预借
| 序号 | 登录号 | 条形码 | 馆藏地/架位号 | 状态 | 备注 |
| 1 | 1301367 | 213013674 | 第二样本阅览室/ [索取号:TU7/1802] | 在馆 | |
| 2 | 1301368 | 213013683 | 第三借阅区/ [索取号:TU7/1802] | 在馆 | |
| 3 | 1301369 | 213013692 | 第三借阅区/ [索取号:TU7/1802] | 在馆 | |
| 4 | 1301370 | 213013709 | 第三借阅区/ [索取号:TU7/1802] | 在馆 |